[Event "Deutsche Blitz-Einzelmeisterschaft der Frauen 2021"]
[Site "Magdeburg"]
[Date "2021.08.01"]
[Round "15"]
[Board "7"]
[White "Zschischang, Marine"]
[Black "Kosovska, Olena"]
[Result "1-0"]
[WhiteElo "2034"]
[BlackElo "1965"]
[PlyCount "0"]
[EventDate "2021.08.01"]
[EventRounds "21"]
[EventCountry "GER"]

1. d4 {[%clk 0:03:04]} g6 {[%clk 0:03:03]} 2. e4 {[%clk 0:03:04]} Bg7 {[%clk
0:03:04]} 3. Be3 {[%clk 0:03:05]} d6 {[%clk 0:03:02]} 4. Qd2 {[%clk 0:03:06]} Nf6
{[%clk 0:03:02]} 5. f3 {[%clk 0:03:07]} O-O {[%clk 0:02:54]} 6. Bh6 {[%clk
0:03:08]} e5 {[%clk 0:02:54]} 7. d5 {[%clk 0:03:08]} Re8 {[%clk 0:02:57]} 8. Bxg7
{[%clk 0:03:09]} Kxg7 {[%clk 0:02:57]} 9. h4 {[%clk 0:03:08]} h5 {[%clk 0:02:58]}
10. Nc3 {[%clk 0:03:08]} c6 {[%clk 0:02:59]} 11. O-O-O {[%clk 0:03:02]} cxd5
{[%clk 0:02:55]} 12. Nxd5 {[%clk 0:03:02]} Nc6 {[%clk 0:02:42]} 13. Nxf6 {[%clk
0:03:00]} Qxf6 {[%clk 0:02:43]} 14. Qxd6 {[%clk 0:02:57]} Be6 {[%clk 0:02:44]}
15. Bd3 {[%clk 0:02:31]} Red8 {[%clk 0:02:42]} 16. Qa3 {[%clk 0:02:31]} a5 {[%clk
0:02:29]} 17. Ne2 {[%clk 0:02:29]} Nb4 {[%clk 0:02:30]} 18. Nc3 {[%clk 0:02:20]}
Rac8 {[%clk 0:02:27]} 19. Qxa5 {[%clk 0:02:12]} Nc6 {[%clk 0:01:31]} 20. Qa3
{[%clk 0:01:54]} Ra8 {[%clk 0:01:28]} 21. Qc5 {[%clk 0:01:53]} Nd4 {[%clk
0:01:25]} 22. a3 {[%clk 0:01:43]} Rdc8 {[%clk 0:01:12]} 23. Qb4 {[%clk 0:01:40]}
Qf4+ {[%clk 0:00:52]} 24. Kb1 {[%clk 0:01:30]} Qg3 {[%clk 0:00:43]} 25. Nb5
{[%clk 0:01:12]} Nc6 {[%clk 0:00:42]} 26. Qd2 {[%clk 0:01:06]} Rd8 {[%clk
0:00:37]} 27. Nc7 {[%clk 0:01:05]} Rac8 {[%clk 0:00:37]} 28. Nxe6+ {[%clk
0:01:05]} fxe6 {[%clk 0:00:39]} 29. Qg5 {[%clk 0:01:00]} Qf4 {[%clk 0:00:35]} 30.
Bc4 {[%clk 0:00:47]} Nd4 {[%clk 0:00:35]} 31. Qxf4 {[%clk 0:00:41]} exf4 {[%clk
0:00:36]} 32. Ba2 {[%clk 0:00:42]} e5 {[%clk 0:00:36]} 33. c3 {[%clk 0:00:43]}
Nc6 {[%clk 0:00:33]} 34. Kc2 {[%clk 0:00:44]} Kf6 {[%clk 0:00:33]} 35. Rxd8
{[%clk 0:00:44]} Rxd8 {[%clk 0:00:35]} 36. Bd5 {[%clk 0:00:43]} Rd6 {[%clk
0:00:29]} 37. b4 {[%clk 0:00:42]} Ke7 {[%clk 0:00:29]} 38. Bxc6 {[%clk 0:00:40]}
bxc6 {[%clk 0:00:29]} 39. Rd1 {[%clk 0:00:41]} Kd7 {[%clk 0:00:30]} 40. Rxd6+
{[%clk 0:00:41]} Kxd6 {[%clk 0:00:31]} 41. c4 {[%clk 0:00:42]} Kc7 {[%clk
0:00:32]} 42. a4 {[%clk 0:00:31]} Kb6 {[%clk 0:00:33]} 43. a5+ {[%clk 0:00:43]}
Ka6 {[%clk 0:00:35]} 44. Kb3 {[%clk 0:00:42]} Kb7 {[%clk 0:00:36]} 45. b5 {[%clk
0:00:43]} cxb5 {[%clk 0:00:37]} 46. cxb5 {[%clk 0:00:43]} Ka7 {[%clk 0:00:40]}
47. Kc4 {[%clk 0:00:45]}  1-0

[Event "Deutsche Blitz-Einzelmeisterschaft der Frauen 2021"]
[Site "Magdeburg"]
[Date "2021.08.01"]
[Round "15"]
[Board "8"]
[White "Mader, Lena"]
[Black "Noll, Sonja"]
[Result "0-1"]
[WhiteElo "1689"]
[BlackElo "1707"]
[PlyCount "0"]
[EventDate "2021.08.01"]
[EventRounds "21"]
[EventCountry "GER"]

1. c4 {[%clk 0:03:03]} Nf6 {[%clk 0:03:03]} 2. g3 {[%clk 0:03:05]} d5 {[%clk
0:02:55]} 3. cxd5 {[%clk 0:03:01]} Nxd5 {[%clk 0:03:04]} 4. Bg2 {[%clk 0:03:01]}
Nc6 {[%clk 0:02:55]} 5. Nc3 {[%clk 0:03:03]} Ncb4 {[%clk 0:03:02]} 6. a3 {[%clk
0:02:54]} Nxc3 {[%clk 0:03:00]} 7. bxc3 {[%clk 0:02:55]} Nd5 {[%clk 0:02:58]} 8.
Nf3 {[%clk 0:02:53]} e5 {[%clk 0:02:54]} 9. O-O {[%clk 0:02:38]} Bc5 {[%clk
0:02:52]} 10. e4 {[%clk 0:02:32]} Nf6 {[%clk 0:02:50]} 11. d3 {[%clk 0:02:20]}
Bg4 {[%clk 0:02:43]} 12. h3 {[%clk 0:02:19]} Bxf3 {[%clk 0:02:43]} 13. Qxf3
{[%clk 0:02:13]} Qe7 {[%clk 0:02:34]} 14. Be3 {[%clk 0:01:58]} Bxa3 {[%clk
0:02:32]} 15. d4 {[%clk 0:01:26]} Bb2 {[%clk 0:02:31]} 16. Rab1 {[%clk 0:01:23]}
Bxc3 {[%clk 0:02:31]} 17. dxe5 {[%clk 0:01:14]} Bxe5 {[%clk 0:02:27]} 18. Rxb7
{[%clk 0:01:12]} O-O {[%clk 0:02:27]} 19. Bf4 {[%clk 0:01:06]} Rfc8 {[%clk
0:02:15]} 20. Rfb1 {[%clk 0:00:47]} Qd6 {[%clk 0:02:14]} 21. Be3 {[%clk 0:00:45]}
a6 {[%clk 0:02:12]} 22. Bf1 {[%clk 0:00:40]} a5 {[%clk 0:02:09]} 23. Bg5 {[%clk
0:00:33]} h6 {[%clk 0:02:07]} 24. Bc1 {[%clk 0:00:28]} Bc3 {[%clk 0:02:04]} 25.
Qxc3 {[%clk 0:00:24]} Nxe4 {[%clk 0:02:00]} 26. Qf3 {[%clk 0:00:20]} Nc5 {[%clk
0:01:53]} 27. R7b5 {[%clk 0:00:17]} Ne6 {[%clk 0:01:46]} 28. Bf4 {[%clk 0:00:11]}
Qe7 {[%clk 0:01:40]} 29. Ra1 {[%clk 0:00:09]} Nd4 {[%clk 0:01:40]} 30. Qd5 {[%clk
0:00:07]} Nxb5 {[%clk 0:01:41]} 31. Qxb5 {[%clk 0:00:08]} Rcb8 {[%clk 0:01:42]}
32. Qc6 {[%clk 0:00:07]} Rb6 {[%clk 0:01:42]} 33. Qxc7 {[%clk 0:00:08]} Qf6
{[%clk 0:01:40]} 34. Qc1 {[%clk 0:00:06]} Rc6 {[%clk 0:01:40]} 35. Qa3 {[%clk
0:00:06]} Rac8 {[%clk 0:01:38]} 36. Kh2 {[%clk 0:00:06]} g5 {[%clk 0:01:38]} 37.
Be3 {[%clk 0:00:07]} Rc3 {[%clk 0:01:38]} 38. Qxa5 {[%clk 0:00:08]} Rxe3 {[%clk
0:01:37]} 39. fxe3 {[%clk 0:00:06]} Qf2+ {[%clk 0:01:39]} 40. Bg2 {[%clk
0:00:07]} Rc2 {[%clk 0:01:39]} 41. Rg1 {[%clk 0:00:08]} Qxe3 {[%clk 0:01:31]} 42.
Qa8+ {[%clk 0:00:09]} Kg7 {[%clk 0:01:40]} 43. Qe4 {[%clk 0:00:08]} Qxe4 {[%clk
0:01:22]} 44. Re1 {[%clk 0:00:08]} Qf5 {[%clk 0:01:36]} 45. Rf1 {[%clk 0:00:09]}
Qb5 {[%clk 0:01:34]} 46. Kh1 {[%clk 0:00:09]} Qe2 {[%clk 0:01:32]} 47. Rg1 {[%clk
0:00:10]} Rc3 {[%clk 0:01:33]} 48. Kh2 {[%clk 0:00:09]} f5 {[%clk 0:01:34]} 49.
Kh1 {[%clk 0:00:09]} f4 {[%clk 0:01:33]} 50. gxf4 {[%clk 0:00:09]} Kf6 {[%clk
0:01:30]} 51. fxg5+ {[%clk 0:00:09]} hxg5 {[%clk 0:01:31]} 52. Rf1+ {[%clk
0:00:07]} Kg6 {[%clk 0:01:32]} 53. Rg1 {[%clk 0:00:08]} Kh5 {[%clk 0:01:31]} 54.
Kh2 {[%clk 0:00:07]} Qe5+ {[%clk 0:01:32]} 55. Kh1 {[%clk 0:00:08]} Rg3 {[%clk
0:01:24]} 56. Kh2 {[%clk 0:00:07]} Ra3+ {[%clk 0:01:24]} 57. Kh1 {[%clk 0:00:07]}
Ra2 {[%clk 0:01:24]} 58. h4 Ra1 {[%clk 0:01:31]} 59. Bf3+ Kh6 {[%clk 0:01:29]}
60. hxg5+ {[%clk 0:00:08]} Kg6 {[%clk 0:01:29]} 61. Kg2 {[%clk 0:00:07]} Rxg1+
{[%clk 0:01:30]} 62. Kxg1 {[%clk 0:00:09]} Kxg5 {[%clk 0:01:30]} 63. Kf2 {[%clk
0:00:10]} Qf4 {[%clk 0:01:31]} 64. Ke2 {[%clk 0:00:11]} Kh4 {[%clk 0:01:32]} 65.
Ba8 {[%clk 0:00:10]} Qe5+ {[%clk 0:01:32]} 66. Kf2 {[%clk 0:00:06]} Qb2+ {[%clk
0:01:32]} 67. Ke3 {[%clk 0:00:11]} Qa3+ {[%clk 0:01:34]} 68. Kd2 {[%clk 0:00:12]}
Qxa8 {[%clk 0:01:34]}  0-1

[Event "Deutsche Blitz-Einzelmeisterschaft der Frauen 2021"]
[Site "Magdeburg"]
[Date "2021.08.01"]
[Round "15"]
[Board "9"]
[White "Schneider, Birgit"]
[Black "Ries, Jutta"]
[Result "0-1"]
[WhiteElo "1993"]
[BlackElo "2094"]
[PlyCount "0"]
[EventDate "2021.08.01"]
[EventRounds "21"]
[EventCountry "GER"]

1. e4 {[%clk 0:03:03]} Nf6 {[%clk 0:02:52]} 2. e5 {[%clk 0:03:05]} Nd5 {[%clk
0:03:04]} 3. c4 {[%clk 0:03:06]} Nb6 {[%clk 0:03:05]} 4. c5 {[%clk 0:03:07]} Nd5
{[%clk 0:03:06]} 5. Bc4 {[%clk 0:03:08]} e6 {[%clk 0:03:04]} 6. d4 {[%clk
0:03:10]} b6 {[%clk 0:03:02]} 7. cxb6 {[%clk 0:03:10]} axb6 {[%clk 0:03:04]} 8.
Nf3 {[%clk 0:03:09]} Ba6 {[%clk 0:02:59]} 9. Bxa6 {[%clk 0:03:05]} Nxa6 {[%clk
0:03:01]} 10. O-O {[%clk 0:03:04]} Nab4 {[%clk 0:02:58]} 11. a3 {[%clk 0:02:53]}
Nc6 {[%clk 0:02:59]} 12. Bg5 {[%clk 0:02:34]} Be7 {[%clk 0:02:59]} 13. Bxe7
{[%clk 0:02:34]} Qxe7 {[%clk 0:02:57]} 14. Nbd2 {[%clk 0:02:13]} O-O {[%clk
0:02:53]} 15. Ne4 {[%clk 0:02:07]} h6 {[%clk 0:02:49]} 16. Rc1 {[%clk 0:02:05]}
f5 {[%clk 0:02:43]} 17. exf6 {[%clk 0:02:04]} Nxf6 {[%clk 0:02:33]} 18. Qd3
{[%clk 0:01:52]} Nxe4 {[%clk 0:02:33]} 19. Qxe4 {[%clk 0:01:52]} Qf6 {[%clk
0:02:24]} 20. Rc2 {[%clk 0:01:34]} Ra5 {[%clk 0:02:25]} 21. Rfc1 {[%clk 0:01:19]}
Rf5 {[%clk 0:02:14]} 22. Qe3 {[%clk 0:01:07]} Ne7 {[%clk 0:02:10]} 23. Ne5 {[%clk
0:00:55]} Nd5 {[%clk 0:01:54]} 24. Qe2 {[%clk 0:00:37]} Qd8 {[%clk 0:01:42]} 25.
Qb5 {[%clk 0:00:28]} c6 {[%clk 0:01:39]} 26. Qd3 {[%clk 0:00:24]} Nf4 {[%clk
0:01:33]} 27. Qf1 {[%clk 0:00:16]} c5 {[%clk 0:01:29]} 28. Nf3 {[%clk 0:00:13]}
d6 {[%clk 0:01:07]} 29. dxc5 {[%clk 0:00:13]} dxc5 {[%clk 0:01:01]} 30. b4 {[%clk
0:00:13]} cxb4 {[%clk 0:01:01]} 31. axb4 {[%clk 0:00:15]} Qd6 {[%clk 0:00:55]}
32. Rc6 {[%clk 0:00:14]} Qxb4 {[%clk 0:00:55]} 33. Qc4 {[%clk 0:00:13]} Qxc4
{[%clk 0:00:46]} 34. R6xc4 {[%clk 0:00:14]} Ne2+ {[%clk 0:00:47]} 35. Kf1 {[%clk
0:00:14]} Nxc1 {[%clk 0:00:48]} 36. Rxc1 {[%clk 0:00:15]} b5 {[%clk 0:00:49]} 37.
Rb1 {[%clk 0:00:16]} Rd5 {[%clk 0:00:48]} 38. Ke2 {[%clk 0:00:18]} Rb8 {[%clk
0:00:48]} 39. Rb4 {[%clk 0:00:18]} Ra8 {[%clk 0:00:47]} 40. Ke3 {[%clk 0:00:19]}
Ra4 {[%clk 0:00:48]} 41. Rb2 {[%clk 0:00:20]} b4 {[%clk 0:00:47]} 42. Nd2 {[%clk
0:00:20]} Ra3+ {[%clk 0:00:48]} 43. Ke2 {[%clk 0:00:21]} Rb5 {[%clk 0:00:47]} 44.
Nc4 {[%clk 0:00:22]} Rc3 {[%clk 0:00:46]} 45. Nd6 {[%clk 0:00:21]} Rb8 {[%clk
0:00:46]} 46. Ne4 {[%clk 0:00:21]} Rc6 {[%clk 0:00:45]} 47. Rb3 {[%clk 0:00:19]}
Kf7 {[%clk 0:00:44]} 48. f3 {[%clk 0:00:21]} Ke7 {[%clk 0:00:44]} 49. Ke3 {[%clk
0:00:22]} Rcb6 {[%clk 0:00:35]} 50. Nc5 {[%clk 0:00:23]} Ra8 {[%clk 0:00:35]} 51.
Kd4 {[%clk 0:00:23]} Ra3 {[%clk 0:00:45]} 52. Kc4 {[%clk 0:00:24]} Ra2 {[%clk
0:00:44]} 53. Re3 {[%clk 0:00:22]} Rxg2 {[%clk 0:00:43]} 54. h4 {[%clk 0:00:22]}
Rh2 {[%clk 0:00:44]} 55. Re4 {[%clk 0:00:22]} Rh3 {[%clk 0:00:43]} 56. Rf4 {[%clk
0:00:23]} Rh1 {[%clk 0:00:40]} 57. Kb3 {[%clk 0:00:23]} Rc1 {[%clk 0:00:40]} 58.
Ne4 {[%clk 0:00:24]} Ra1 {[%clk 0:00:37]} 59. Rg4 {[%clk 0:00:25]} Ra3+ {[%clk
0:00:38]} 60. Kb2 {[%clk 0:00:26]} Rxf3 {[%clk 0:00:38]} 61. Rxg7+ {[%clk
0:00:27]} Kf8 {[%clk 0:00:38]} 62. Rh7 {[%clk 0:00:27]} b3 {[%clk 0:00:38]} 63.
Rxh6 {[%clk 0:00:28]} Re3 {[%clk 0:00:37]} 64. Nf6 {[%clk 0:00:28]} Re2+ {[%clk
0:00:37]} 65. Kb1 {[%clk 0:00:29]} Rb7 {[%clk 0:00:30]} 66. Ng4 {[%clk 0:00:26]}
b2 {[%clk 0:00:30]} 67. Rf6+ {[%clk 0:00:27]} Ke7 {[%clk 0:00:29]} 68. Rh6 {[%clk
0:00:27]} Re1+ {[%clk 0:00:30]}  0-1

[Event "Deutsche Blitz-Einzelmeisterschaft der Frauen 2021"]
[Site "Magdeburg"]
[Date "2021.08.01"]
[Round "15"]
[Board "10"]
[White "Zimmer, Elke"]
[Black "Brunner, Sophia"]
[Result "0-1"]
[WhiteElo "1872"]
[BlackElo "1741"]
[PlyCount "0"]
[EventDate "2021.08.01"]
[EventRounds "21"]
[EventCountry "GER"]

1. e4 {[%clk 0:03:03]} e6 {[%clk 0:03:03]} 2. d4 {[%clk 0:03:04]} d5 {[%clk
0:03:04]} 3. exd5 {[%clk 0:03:05]} exd5 {[%clk 0:03:05]} 4. Nf3 {[%clk 0:03:06]}
Bd6 {[%clk 0:03:06]} 5. Bd3 {[%clk 0:03:07]} Ne7 {[%clk 0:03:05]} 6. c3 {[%clk
0:03:07]} c6 {[%clk 0:02:52]} 7. O-O {[%clk 0:03:07]} h6 {[%clk 0:02:43]} 8. Re1
{[%clk 0:03:07]} Be6 {[%clk 0:02:44]} 9. Be3 {[%clk 0:03:05]} Nd7 {[%clk
0:02:31]} 10. Nbd2 {[%clk 0:03:02]} Nf6 {[%clk 0:02:31]} 11. Nf1 {[%clk 0:02:57]}
Qc7 {[%clk 0:02:27]} 12. Ng3 {[%clk 0:02:44]} O-O {[%clk 0:02:20]} 13. Ne5 {[%clk
0:02:37]} c5 {[%clk 0:01:54]} 14. Rc1 {[%clk 0:02:31]} c4 {[%clk 0:01:24]} 15.
Bb1 {[%clk 0:02:32]} Bxe5 {[%clk 0:01:26]} 16. dxe5 {[%clk 0:02:32]} Ng4 {[%clk
0:01:26]} 17. Bd4 {[%clk 0:02:22]} Nc6 {[%clk 0:00:48]} 18. Qc2 {[%clk 0:02:05]}
g6 {[%clk 0:00:45]} 19. f4 {[%clk 0:01:56]} Nxd4 {[%clk 0:00:37]} 20. cxd4 {[%clk
0:01:57]} Bf5 {[%clk 0:00:27]} 21. Qc3 {[%clk 0:01:57]} Bxb1 {[%clk 0:00:24]} 22.
Rxb1 {[%clk 0:01:59]} h5 {[%clk 0:00:25]} 23. Qc2 {[%clk 0:01:53]} Qd7 {[%clk
0:00:17]} 24. f5 {[%clk 0:01:47]} Kg7 {[%clk 0:00:08]} 25. f6+ {[%clk 0:01:46]}
Kg8 {[%clk 0:00:08]} 26. Qe2 {[%clk 0:01:43]} Nh6 {[%clk 0:00:04]} 27. h3 {[%clk
0:01:21]} Rae8 28. Rf1 {[%clk 0:01:17]} Qe6 29. Nxh5 {[%clk 0:01:15]} gxh5 {[%clk
0:00:05]} 30. Qxh5 {[%clk 0:01:16]} Kh7 {[%clk 0:00:04]} 31. g4 {[%clk 0:01:15]}
Rg8 {[%clk 0:00:04]} 32. Rf5 {[%clk 0:01:15]} Rg6 {[%clk 0:00:05]} 33. Rbf1
{[%clk 0:00:55]} Reg8 {[%clk 0:00:05]} 34. Kh2 {[%clk 0:00:55]} Qd7 {[%clk
0:00:04]} 35. g5 {[%clk 0:00:48]} Qb5 {[%clk 0:00:03]} 36. R1f2 {[%clk 0:00:43]}
a6 {[%clk 0:00:04]} 37. gxh6 {[%clk 0:00:40]} Qd7 {[%clk 0:00:06]} 38. R5f3
{[%clk 0:00:31]} Qe6 {[%clk 0:00:07]} 39. Qf5 {[%clk 0:00:29]} Qxf5 {[%clk
0:00:04]} 40. Rxf5 {[%clk 0:00:31]} Re8 {[%clk 0:00:06]} 41. Rg2 {[%clk 0:00:27]}
Kxh6 {[%clk 0:00:07]} 42. Rxg6+ {[%clk 0:00:18]} Kxg6 {[%clk 0:00:08]} 43. Rf3
{[%clk 0:00:26]} b5 {[%clk 0:00:09]} 44. h4 {[%clk 0:00:27]} Rh8 {[%clk 0:00:09]}
45. Kh3 {[%clk 0:00:28]} b4 {[%clk 0:00:08]} 46. Kg4 {[%clk 0:00:27]} a5 {[%clk
0:00:10]} 47. Rf5 {[%clk 0:00:21]} a4 {[%clk 0:00:07]} 48. Rg5+ {[%clk 0:00:22]}
Kh6 {[%clk 0:00:08]} 49. Rg7 {[%clk 0:00:21]} Rf8 {[%clk 0:00:06]} 50. Kf5 {[%clk
0:00:17]} c3 {[%clk 0:00:07]} 51. Rg2 {[%clk 0:00:18]} Rc8 {[%clk 0:00:04]} 52.
Rg7 {[%clk 0:00:17]} cxb2 {[%clk 0:00:05]} 53. Rxf7 {[%clk 0:00:16]} b1=Q+ {[%clk
0:00:05]} 54. Ke6 {[%clk 0:00:16]} Qg6 {[%clk 0:00:04]} 55. Rd7 {[%clk 0:00:13]}
Qe8+ {[%clk 0:00:05]} 56. Re7 {[%clk 0:00:14]} Rc6+ {[%clk 0:00:06]} 57. Kf5
{[%clk 0:00:14]} Qc8+ {[%clk 0:00:08]} 58. e6 {[%clk 0:00:15]} Rc1 {[%clk
0:00:07]} 59. f7 {[%clk 0:00:10]} Rf1+ {[%clk 0:00:08]} 60. Ke5 {[%clk 0:00:10]}
Qb8+ {[%clk 0:00:08]} 61. Kxd5 {[%clk 0:00:10]} Rf5+ {[%clk 0:00:10]} 62. Kc4
{[%clk 0:00:09]} Qb5# {[%clk 0:00:09]}  0-1

[Event "Deutsche Blitz-Einzelmeisterschaft der Frauen 2021"]
[Site "Magdeburg"]
[Date "2021.08.01"]
[Round "15"]
[Board "11"]
[White "Michna, Marta"]
[Black "Moenster, Madita"]
[Result "1-0"]
[WhiteElo "2416"]
[BlackElo "1889"]
[PlyCount "0"]
[EventDate "2021.08.01"]
[EventRounds "21"]
[EventCountry "GER"]

1. Nf3 {[%clk 0:03:03]} Nf6 {[%clk 0:02:52]} 2. d3 {[%clk 0:03:04]} d5 {[%clk
0:03:03]} 3. Nbd2 {[%clk 0:03:05]} Bg4 {[%clk 0:03:00]} 4. g3 {[%clk 0:03:02]} e6
{[%clk 0:03:01]} 5. Bg2 {[%clk 0:03:03]} Be7 {[%clk 0:03:00]} 6. O-O {[%clk
0:03:04]} O-O {[%clk 0:03:00]} 7. c3 {[%clk 0:02:55]} c5 {[%clk 0:02:57]} 8. Qc2
{[%clk 0:03:01]} Nc6 {[%clk 0:02:57]} 9. e4 {[%clk 0:03:01]} dxe4 {[%clk
0:02:42]} 10. dxe4 {[%clk 0:03:02]} Qc7 {[%clk 0:02:39]} 11. h3 {[%clk 0:02:51]}
Bh5 {[%clk 0:02:39]} 12. a4 {[%clk 0:02:46]} Rfd8 {[%clk 0:02:35]} 13. Nc4 {[%clk
0:02:46]} Bg6 {[%clk 0:02:27]} 14. Bf4 {[%clk 0:02:30]} Qd7 {[%clk 0:02:10]} 15.
Nfe5 {[%clk 0:02:05]} Nxe5 {[%clk 0:02:05]} 16. Nxe5 {[%clk 0:01:55]} Qe8 {[%clk
0:02:05]} 17. Rfe1 {[%clk 0:01:58]} Rac8 {[%clk 0:01:57]} 18. Bf1 {[%clk
0:01:50]} a6 {[%clk 0:01:54]} 19. a5 {[%clk 0:01:51]} Nd7 {[%clk 0:01:46]} 20.
Nxg6 {[%clk 0:01:47]} hxg6 {[%clk 0:01:47]} 21. Qb3 {[%clk 0:01:41]} e5 {[%clk
0:01:29]} 22. Be3 {[%clk 0:01:41]} Nf6 {[%clk 0:01:24]} 23. Ra4 {[%clk 0:00:48]}
Qc6 {[%clk 0:01:21]} 24. Bg5 {[%clk 0:00:42]} Re8 {[%clk 0:01:16]} 25. Bxf6
{[%clk 0:00:39]} Bxf6 {[%clk 0:01:15]} 26. Bc4 {[%clk 0:00:41]} Rc7 {[%clk
0:01:06]} 27. Raa1 {[%clk 0:00:41]} Qd7 {[%clk 0:01:03]} 28. Kg2 {[%clk 0:00:41]}
Rd8 {[%clk 0:00:57]} 29. Bd5 {[%clk 0:00:41]} Bg5 {[%clk 0:00:50]} 30. Re2 {[%clk
0:00:38]} Kh7 {[%clk 0:00:44]} 31. h4 {[%clk 0:00:29]} Bf6 {[%clk 0:00:44]} 32.
Re3 {[%clk 0:00:29]} Rdc8 {[%clk 0:00:31]} 33. Qc4 {[%clk 0:00:31]} Rb8 {[%clk
0:00:27]} 34. Rf3 {[%clk 0:00:30]} g5 {[%clk 0:00:17]} 35. hxg5 {[%clk 0:00:29]}
Bxg5 {[%clk 0:00:18]} 36. Rh1+ {[%clk 0:00:28]} Kg8 {[%clk 0:00:19]} 37. Rxf7
{[%clk 0:00:25]} Qxf7 {[%clk 0:00:11]} 38. Bxf7+ {[%clk 0:00:26]} Rxf7 {[%clk
0:00:12]} 39. Rh5 {[%clk 0:00:24]} Bh6 {[%clk 0:00:12]} 40. Rxe5 {[%clk 0:00:22]}
Rf8 {[%clk 0:00:13]} 41. Rf5 {[%clk 0:00:24]} g6 {[%clk 0:00:06]} 42. Rxf7 {[%clk
0:00:25]} Rxf7 {[%clk 0:00:07]} 43. Qxc5 {[%clk 0:00:26]} Kg7 {[%clk 0:00:04]}
44. Qd5 {[%clk 0:00:27]}  1-0

[Event "Deutsche Blitz-Einzelmeisterschaft der Frauen 2021"]
[Site "Magdeburg"]
[Date "2021.08.01"]
[Round "16"]
[Board "1"]
[White "Wulf, Constanze"]
[Black "Moenster, Madita"]
[Result "0-1"]
[WhiteElo "1817"]
[BlackElo "1889"]
[PlyCount "0"]
[EventDate "2021.08.01"]
[EventRounds "21"]
[EventCountry "GER"]

1. e4 {[%clk 0:03:03]} c5 {[%clk 0:03:03]} 2. Nf3 {[%clk 0:03:01]} d6 {[%clk
0:03:04]} 3. d4 {[%clk 0:02:59]} cxd4 {[%clk 0:03:05]} 4. Qxd4 {[%clk 0:02:59]}
Nc6 {[%clk 0:03:05]} 5. Bb5 {[%clk 0:02:59]} Bd7 {[%clk 0:03:06]} 6. Bxc6 {[%clk
0:02:58]} Bxc6 {[%clk 0:03:06]} 7. Nc3 {[%clk 0:02:54]} e5 {[%clk 0:03:04]} 8.
Qd3 {[%clk 0:02:53]} h6 {[%clk 0:03:04]} 9. O-O {[%clk 0:02:46]} Nf6 {[%clk
0:03:04]} 10. Be3 {[%clk 0:02:32]} Be7 {[%clk 0:03:04]} 11. Rfd1 {[%clk 0:02:30]}
O-O {[%clk 0:03:02]} 12. h3 {[%clk 0:02:04]} a6 {[%clk 0:02:57]} 13. Nd2 {[%clk
0:01:54]} b5 {[%clk 0:02:53]} 14. a3 {[%clk 0:01:50]} Qc7 {[%clk 0:02:50]} 15.
Nd5 {[%clk 0:01:38]} Nxd5 {[%clk 0:02:42]} 16. exd5 {[%clk 0:01:38]} Bd7 {[%clk
0:02:42]} 17. Rac1 {[%clk 0:01:21]} f5 {[%clk 0:02:28]} 18. f4 {[%clk 0:01:15]}
e4 {[%clk 0:02:19]} 19. Qe2 {[%clk 0:01:07]} Bf6 {[%clk 0:02:17]} 20. c3 {[%clk
0:00:55]} Qb7 {[%clk 0:02:15]} 21. Nb3 {[%clk 0:00:49]} a5 {[%clk 0:02:11]} 22.
Bd4 {[%clk 0:00:29]} b4 {[%clk 0:01:50]} 23. Bxf6 {[%clk 0:00:24]} Rxf6 {[%clk
0:01:51]} 24. axb4 {[%clk 0:00:20]} axb4 {[%clk 0:01:51]} 25. cxb4 {[%clk
0:00:08]} Qxb4 {[%clk 0:01:44]} 26. Nd4 {[%clk 0:00:08]} Ba4 {[%clk 0:01:16]} 27.
Rd2 {[%clk 0:00:03]} Rff8 {[%clk 0:01:14]} 28. Ne6 {[%clk 0:00:04]} Rfc8 {[%clk
0:01:11]} 29. Rxc8+ {[%clk 0:00:04]} Rxc8 {[%clk 0:01:12]} 30. Qf2 {[%clk
0:00:04]} Bd7 {[%clk 0:00:54]} 31. Qg3 {[%clk 0:00:04]} Bxe6 {[%clk 0:00:46]} 32.
dxe6 {[%clk 0:00:04]} Qxd2 {[%clk 0:00:46]}  0-1